[Event "Roncana op-A 10th"]
[Site "Santa Eulalia de Roncana"]
[Date "2016.10.22"]
[Round "5"]
[White "Exojo Lozano, Angel"]
[Black "Vegara Gallego, Pere"]
[Result "0-1"]
[WhiteElo "1731"]
[BlackElo "1631"]
[PlyCount "56"]
[EventDate "2016.09.24"]
[EventType "swiss"]
[EventRounds "8"]
[EventCountry "ESP"]
[SourceTitle "EXT 2018"]
[Source "ChessBase"]
[SourceDate "2017.10.13"]
[SourceVersion "1"]
[SourceVersionDate "2017.10.13"]
[SourceQuality "1"]

1. Nf3 d5 2. c4 d4 3. e3 Nc6 4. exd4 Nxd4 5. Nxd4 Qxd4 6. Nc3 Nf6 7. Be2 e6 8. 0-0 Be7 9. Nb5 Qd8 10. d4 c6 11. Nc3 0-0 12. Be3 a6 13. Qc2 b5 14. c5 Nd5 15. Nxd5 exd5 16. Bd3 g6 17. Bh6 Re8 18. Rfe1 Bf6 19. Re2 Bxd4 20. Rae1 Rxe2 21. Qxe2 Be6 22. b4 Bg7 23. Bf4 Qh4 24. Qd2 Re8 25. Bg5 Qd4 26. Rc1 Bd7 27. Be3 Qe5 28. f3 Qxe3+ 0-1

[Event "Roncana op-A 7th"]
[Site "Santa Eulalia de Roncana"]
[Date "2013.10.19"]
[Round "3"]
[White "Exojo Lozano, Angel"]
[Black "Camus, Adrian Hugo"]
[Result "0-1"]
[WhiteElo "1732"]
[BlackElo "1952"]
[PlyCount "101"]
[EventDate "2013.10.05"]
[EventType "swiss"]
[EventRounds "8"]
[EventCountry "ESP"]
[SourceTitle "CBM 157 Extra"]
[Source "ChessBase"]
[SourceDate "2013.12.19"]
[SourceVersion "1"]
[SourceVersionDate "2013.12.19"]
[SourceQuality "1"]

1. Nf3 c5 2. c4 g6 3. Nc3 Bg7 4. g3 Nc6 5. b3 d6 6. Bg2 e5 7. Bb2 Nge7 8. 0-0 0-0 9. e3 Rb8 10. d3 Be6 11. Qe2 h6 12. h3 d5 13. Rad1 d4 14. exd4 cxd4 15. Nb1 b5 16. cxb5 Rxb5 17. Ba3 Re8 18. Bxe7 Nxe7 19. Na3 Rc5 20. Nc4 Qc7 21. Nfd2 Bd5 22. Rc1 Bxg2 23. Kxg2 Nd5 24. Nb1 f5 25. Qd2 Qb7 26. Kh2 e4 27. Nd6 Rxc1 28. Qxc1 Qe7 29. Nxe8 Qxe8 30. Qc4 Qe5 31. Re1 Kh7 32. f4 Nxf4 33. gxf4 Qxf4+ 34. Kg2 Qf3+ 35. Kg1 Qg3+ 36. Kf1 Qxh3+ 37. Kg1 e3 38. Qc2 f4 39. Qg2 Qf5 40. Qf3 g5 41. Rd1 g4 42. Qe4 Qxe4 43. dxe4 f3 44. b4 Be5 45. Rc1 g3 46. Na3 e2 47. Nc2 Bf4 48. Nxd4 Be3+ 49. Kh1 Bxd4 50. Rb1 Bf2 51. e5 0-1

[Event "Vall del Tenes op 2nd"]
[Site "Vall del Tenes"]
[Date "2013.05.24"]
[Round "7"]
[White "Ayats Llobera, Gerard"]
[Black "Exojo Lozano, Angel"]
[Result "0-1"]
[WhiteElo "1652"]
[BlackElo "1719"]
[PlyCount "102"]
[EventDate "2013.04.05"]
[EventType "swiss"]
[EventRounds "8"]
[EventCountry "ESP"]
[SourceTitle "EXT 2014"]
[Source "ChessBase"]
[SourceDate "2013.11.20"]
[SourceVersion "1"]
[SourceVersionDate "2013.11.20"]
[SourceQuality "1"]

1. e4 d6 2. d4 Nf6 3. Nc3 g6 4. Bc4 Bg7 5. Bg5 0-0 6. Qd2 c5 7. dxc5 dxc5 8. Qxd8 Rxd8 9. e5 Ng4 10. Nf3 Nxe5 11. Nxe5 Bxe5 12. 0-0 Nc6 13. Nd5 Be6 14. Rad1 Kf8 15. c3 Bd6 16. f4 Na5 17. b3 Nxc4 18. bxc4 Bxd5 19. cxd5 c4 20. Rf3 Rd7 21. g4 Rad8 22. f5 Bc5+ 23. Kg2 Rxd5 24. Bh6+ Ke8 25. fxg6 hxg6 26. Rdf1 f6 27. Re1 g5 28. Rxf6 Rd2+ 29. Kh1 Bd6 30. Rf8+ Kd7 31. Rxd8+ Kxd8 32. Bxg5 Rxh2+ 33. Kg1 Rc2 34. Be3 Rxc3 35. Bxa7 Rg3+ 36. Kf2 Rxg4 37. Ke3 Kc7 38. Bd4 b6 39. Rb1 Bc5 40. Bxc5 bxc5 41. a4 Rg3+ 42. Kf4 Ra3 43. Ke5 Kc6 44. Ke6 Rxa4 45. Kxe7 Rb4 46. Rc1 Kd5 47. Rd1+ Ke5 48. Kd7 c3 49. Kc6 c2 50. Rc1 Rc4 51. Kb5 Rc3 0-1

[Event "Vall del Tenes op 1st"]
[Site "Vall del Tenes"]
[Date "2012.05.11"]
[Round "5"]
[White "Sola Lluch, Miguel Angel"]
[Black "Exojo Lozano, Angel"]
[Result "0-1"]
[WhiteElo "1967"]
[BlackElo "1711"]
[PlyCount "56"]
[EventDate "2012.04.13"]
[EventType "swiss"]
[EventRounds "8"]
[EventCountry "ESP"]
[SourceTitle "CBM 148 Extra"]
[Source "ChessBase"]
[SourceDate "2012.06.22"]
[SourceVersion "1"]
[SourceVersionDate "2012.06.22"]
[SourceQuality "1"]

1. d4 Nf6 2. Nf3 g6 3. c4 c5 4. d5 b5 5. cxb5 a6 6. bxa6 Bxa6 7. Nc3 d6 8. g3 Bg7 9. Bg2 Nbd7 10. h3 0-0 11. 0-0 Rb8 12. Re1 Nb6 13. e4 Nfd7 14. Qc2 Nc4 15. b3 Nce5 16. Nxe5 Nxe5 17. Rd1 Qa5 18. Bb2 c4 19. Na4 Rfc8 20. b4 Rxb4 21. Nc3 Rcb8 22. Rab1 Nd3 23. Ba1 Rxb1 24. Rxb1 Rxb1+ 25. Qxb1 Bxc3 26. Bf1 Bxa1 27. Bxd3 cxd3 28. Qxa1 Qc5 0-1

[Event "Roncana op-A 5th"]
[Site "Santa Eulalia de Roncana"]
[Date "2011.10.22"]
[Round "4"]
[White "Exojo Lozano, Angel"]
[Black "Canovas Pardo, Jordi"]
[Result "1-0"]
[WhiteElo "1704"]
[BlackElo "1764"]
[PlyCount "49"]
[EventDate "2011.10.01"]
[EventType "swiss"]
[EventRounds "8"]
[EventCountry "ESP"]
[SourceTitle "EXT 2013"]
[Source "ChessBase"]
[SourceDate "2012.11.22"]
[SourceVersion "1"]
[SourceVersionDate "2012.11.22"]
[SourceQuality "1"]

1. Nf3 d5 2. c4 c6 3. e3 Bg4 4. Nc3 Nf6 5. cxd5 cxd5 6. Be2 e6 7. 0-0 a6 8. b3 Bd6 9. Bb2 0-0 10. Nd4 Bxe2 11. Qxe2 Nbd7 12. Nf3 Qe7 13. Rfc1 Rfc8 14. Rc2 Rc6 15. Rac1 Rac8 16. d3 Ne5 17. Nxe5 Bxe5 18. Na4 Bb8 19. Rxc6 Rxc6 20. Rxc6 bxc6 21. Bxf6 Qxf6 22. d4 a5 23. Qa6 Qd8 24. Qxc6 Qc7 25. Qe8# 1-0

[Event "Roncana op 4th"]
[Site "Santa Eulalia de Roncana"]
[Date "2010.11.27"]
[Round "9"]
[White "Torregrosa Gonzalez, Iris"]
[Black "Exojo Lozano, Angel"]
[Result "0-1"]
[WhiteElo "1387"]
[BlackElo "1712"]
[PlyCount "80"]
[EventDate "2010.10.02"]
[EventType "swiss"]
[EventRounds "9"]
[EventCountry "ESP"]
[SourceTitle "EXT 2012"]
[Source "ChessBase"]
[SourceDate "2011.11.24"]
[SourceVersion "1"]
[SourceVersionDate "2011.11.24"]
[SourceQuality "1"]

1. e4 c6 2. d4 d5 3. Nc3 e6 4. Bd3 Bb4 5. Nf3 dxe4 6. Bxe4 Nf6 7. Bg5 Nbd7 8. 0-0 h6 9. Bxf6 Nxf6 10. Re1 0-0 11. Ne5 c5 12. dxc5 Bxc5 13. Qf3 Nxe4 14. Rxe4 b6 15. Qg3 Qf6 16. Nf3 Bb7 17. Rh4 Bxf3 18. gxf3 Rfd8 19. Kh1 g5 20. Rh5 Kg7 21. Ne4 Qg6 22. Qh3 Be7 23. Rg1 Rd5 24. f4 Qxe4+ 25. f3 Qf5 26. Rxh6 Qxh3 27. Rxh3 f6 28. fxg5 Rxg5 29. Rxg5+ fxg5 30. Rg3 Rd8 31. Rg2 Kh6 32. b3 Rd1+ 33. Rg1 Rd2 34. Rc1 Kg6 35. Re1 Kf5 36. Re4 Rxc2 37. a4 Rc3 38. b4 Rxf3 39. Rc4 a5 40. b5 Bc5 0-1

[Event "Santa Eulalia de Roncana 3rd"]
[Site "Santa Eulalia de Roncana"]
[Date "2009.10.17"]
[Round "3.23"]
[White "Sanchez Soler, Moises"]
[Black "Exojo Lozano, Angel"]
[Result "0-1"]
[WhiteElo "1450"]
[BlackElo "1723"]
[PlyCount "70"]
[EventDate "2009.10.03"]
[EventType "swiss"]
[EventRounds "9"]
[EventCountry "ESP"]
[SourceTitle "EXT 2024"]
[Source "ChessBase"]
[SourceDate "2023.10.10"]
[SourceVersion "1"]
[SourceVersionDate "2023.10.10"]
[SourceQuality "1"]

1. d4 Nf6 2. c4 g6 3. Nc3 Bg7 4. e4 d6 5. Nf3 Nbd7 6. Be2 0-0 7. 0-0 e5 8. Be3 Ng4 9. Bg5 Ngf6 10. Qd2 b6 11. d5 Nc5 12. b4 Ncxe4 13. Qe3 Nxc3 14. Qxc3 Ne4 15. Qe3 Nxg5 16. Nxg5 Bh6 17. Nxf7 Bxe3 18. Nxd8 Bd4 19. Rad1 Rxd8 20. Kh1 Rf8 21. f4 Bd7 22. fxe5 Rxf1+ 23. Rxf1 Bxe5 24. b5 Rf8 25. Rxf8+ Kxf8 26. h3 Kg7 27. g4 Kf6 28. Kg2 Bf4 29. h4 Ke5 30. Kf3 g5 31. h5 h6 32. Bd3 Kd4 33. Bf5 Bxf5 34. gxf5 Be5 35. a3 Bf6 0-1

[Event "Santa Eulalia de Roncana 3rd"]
[Site "Santa Eulalia de Roncana"]
[Date "2009.10.10"]
[Round "2.1"]
[White "Garcia Cano, Antonio"]
[Black "Exojo Lozano, Angel"]
[Result "1-0"]
[WhiteElo "2284"]
[BlackElo "1723"]
[PlyCount "90"]
[EventDate "2009.10.03"]
[EventType "swiss"]
[EventRounds "9"]
[EventCountry "ESP"]
[SourceTitle "EXT 2024"]
[Source "ChessBase"]
[SourceDate "2023.10.10"]
[SourceVersion "1"]
[SourceVersionDate "2023.10.10"]
[SourceQuality "1"]

1. e4 c6 2. d4 d5 3. e5 c5 4. dxc5 Bf5 5. Nf3 e6 6. Nd4 Bg6 7. Bb5+ Nd7 8. c6 bxc6 9. Bxc6 Rc8 10. c3 Ne7 11. Bb5 Qc7 12. 0-0 Nf5 13. Nxf5 Bxf5 14. Be3 Rd8 15. Nd2 Bc5 16. Bxc5 Qxc5 17. Bxd7+ Rxd7 18. Nb3 Qb6 19. Qd4 0-0 20. Qxb6 axb6 21. Nd4 Bg6 22. Rfe1 Rc8 23. f3 Bd3 24. Kf2 Rdc7 25. Ke3 Ba6 26. f4 Kf8 27. Rad1 Ra7 28. a3 Bc4 29. Rd2 Rac7 30. Nf3 Ba6 31. g4 Rc4 32. Nd4 Re8 33. Kf3 Rc7 34. Kg3 g6 35. Rf2 Kg7 36. f5 h6 37. fxe6 fxe6 38. Rf6 Rce7 39. Re3 Bc8 40. Nb5 Rf8 41. Ref3 Ref7 42. Rxf7+ Rxf7 43. Rxf7+ Kxf7 44. Nd6+ Ke7 45. Nxc8+ Kd7 1-0

[Event "Roncana Tancats-chT 1st"]
[Site "Santa Eulalia de Roncana"]
[Date "2009.06.18"]
[Round "9"]
[White "Exojo Lozano, Angel"]
[Black "Bautista Ballester, Jordi"]
[Result "0-1"]
[WhiteElo "1720"]
[BlackElo "1885"]
[PlyCount "56"]
[EventDate "2009.04.23"]
[EventType "team-swiss"]
[EventRounds "9"]
[EventCountry "ESP"]
[SourceTitle "EXT 2011"]
[Source "ChessBase"]
[SourceDate "2010.11.26"]
[SourceVersion "1"]
[SourceVersionDate "2010.11.26"]
[SourceQuality "1"]

1. Nf3 c5 2. c4 Nc6 3. Nc3 g6 4. b3 Bg7 5. Bb2 d6 6. g3 Bd7 7. Bg2 Qc8 8. Qc1 Bh3 9. Bxh3 Qxh3 10. Nd5 Nf6 11. Nc7+ Kd7 12. Nxa8 Rxa8 13. d3 Bh6 14. Qc3 Re8 15. Bc1 Bg7 16. Bd2 Bh6 17. d4 Ne4 18. Qc2 Qg2 19. Rf1 f5 20. Bc1 Nb4 21. Qb1 Nc3 22. Qb2 Qxf3 23. Bxh6 Nxe2 24. Qxe2 Qc3+ 25. Qd2 Nc2+ 26. Kd1 Qxa1+ 27. Ke2 Nxd4+ 28. Ke3 Qxf1 0-1

[Event "Canovelles op 11th"]
[Site "Canovelles"]
[Date "2008.03.14"]
[Round "2.10"]
[White "Exojo Lozano, Angel"]
[Black "Lopez Santana, Oscar"]
[Result "0-1"]
[WhiteElo "1769"]
[BlackElo "2238"]
[PlyCount "56"]
[EventDate "2008.03.07"]
[EventType "swiss"]
[EventRounds "9"]
[EventCountry "ESP"]
[SourceTitle "EXT 2024"]
[Source "ChessBase"]
[SourceDate "2023.10.10"]
[SourceVersion "1"]
[SourceVersionDate "2023.10.10"]
[SourceQuality "1"]

1. Nf3 Nf6 2. c4 e6 3. d4 Bb4+ 4. Nc3 c5 5. a3 Bxc3+ 6. bxc3 Nc6 7. Bg5 h6 8. Bh4 Qa5 9. Nd2 cxd4 10. Bxf6 gxf6 11. cxd4 Nxd4 12. e3 Nc6 13. Be2 b6 14. Bf3 Bb7 15. 0-0 f5 16. e4 Ne5 17. exf5 Nxf3+ 18. Nxf3 Rg8 19. Re1 Qxf5 20. Re3 Rc8 21. Rc1 Qg4 22. g3 Rxc4 23. Rxc4 Qxc4 24. Qxd7+ Kxd7 25. Ne5+ Ke7 26. Nxc4 Rc8 27. Nd2 Rc1+ 28. Nf1 Ba6 0-1

[Event "Canovelles op 11th"]
[Site "Canovelles"]
[Date "2008.03.07"]
[Round "1.11"]
[White "Cordomi Fons, Francesco"]
[Black "Exojo Lozano, Angel"]
[Result "1/2-1/2"]
[WhiteElo "2011"]
[BlackElo "1769"]
[PlyCount "69"]
[EventDate "2008.03.07"]
[EventType "swiss"]
[EventRounds "9"]
[EventCountry "ESP"]
[SourceTitle "EXT 2024"]
[Source "ChessBase"]
[SourceDate "2023.10.10"]
[SourceVersion "1"]
[SourceVersionDate "2023.10.10"]
[SourceQuality "1"]

1. e4 c6 2. d4 d5 3. e5 c5 4. c3 Bf5 5. Bd3 Bxd3 6. Qxd3 e6 7. f4 cxd4 8. cxd4 Qa5+ 9. Nc3 Qa6 10. Qb5+ Qxb5 11. Nxb5 Kd7 12. Bd2 Nc6 13. Nf3 h6 14. 0-0 a6 15. Nc3 Bb4 16. a3 Ba5 17. Na4 Bc7 18. b4 b6 19. Rac1 Nge7 20. Be3 Ra7 21. Nh4 g6 22. Rc3 Rc8 23. g4 Bd8 24. f5 g5 25. Ng2 Ng8 26. f6 Nb8 27. Rfc1 Rxc3 28. Rxc3 Nc6 29. h4 gxh4 30. Nxh4 Ra8 31. Nf3 Na7 32. Rc2 Nb5 33. Bc1 h5 34. Nc3 Rc8 35. Bb2 1/2-1/2